000 00862nam a2200277 i 4500
001 92587
003 ES-MaACL
005 20230906181016.0
007 t|
008 050405s1983 sp af |||| | spa d
020 _a84-7423-219-8
080 _a008(38)
080 _a903(38)
100 1 _aFinley, M. I.
_950914
245 1 3 _aLa Grecia primitiva
_b: edad del bronce y era arcaica /
_cMoses I. Finley.
250 _aNueva ed. rev.
260 _aBarcelona :
_bCrítica,
_c1983.
300 _a178 p., 4 h. de lám. :
_bil. ;
_c20 cm.
490 1 _aSerie general. Estudios y ensayos ;
_v121
504 _aBibliografía: p. 163-167.
650 4 _aCivilización griega.
_9137206
651 _aGrecia-
_xRestos arqueológicos.
_9157346
830 0 _aSerie general. Estudios y ensayos ;
_v121
_9181534
852 _aES-MaACL
_jE-10913
999 _c92587
_d92587